000
00330nam a2200133Ia 4500
008
240624s9999 xx 000 0 und d
041
_a
eng
082
_a
658.83 AAK
100
_a
AAKER DAVID A
245
_a
MARKETING RESEARCH
250
_a
(7th ed.)
260
_c
2003
_a
New York
_b
John Wiley
300
_a
xvi, : 751 : p. : cm. ; 24
999
_c
4893
_d
4893